| 000 | 00519nam a2200181Ia 4500 | ||
|---|---|---|---|
| 008 | 210719s1997 xx 000 0 und d | ||
| 041 | _aeng | ||
| 082 | _a820.33 PATR | ||
| 100 | _aPATEL (Kanji) | ||
| 245 | _aRear verandah Tr by Nikhil Khandekar | ||
| 260 |
_aChennai _bMacmillan India Ltd. _c1997 |
||
| 300 |
_av--73 _bPB |
||
| 365 |
_b72 _cRs |
||
| 650 | _aIndian English Fiction | ||
| 650 | _aIndian English Literature | ||
| 700 | _aNikhil Khandekar | ||
| 906 | _aby ; Khandekar ; Nikhil ; Rear ; Tr ; verandah | ||
| 999 |
_c214904 _d214904 |
||